000 00414nam a22001457a 4500
003 OSt
005 20240320111421.0
008 240320b |||||||| |||| 00| 0 eng d
040 _cCentral Library
082 _21st
100 _aJagjeet Muktsari (ਜਗਜੀਤ ਮੁੁਕਤਸਰੀ)
245 _aRabbi Jot (ਰੱਬੀ ਜੋਤ)
260 _a2014
_bWaris Shah Foundation
_cAmritsar
942 _2ddc
_cBK
_n0
999 _c9896
_d9896